[Event "88th YMCA Winter-C"]
[Site "Warszawa"]
[Date "2011.03.02"]
[Round "9"]
[White "Dominiczak, Adrian"]
[Black "Rogala, Lucyna"]
[Result "0-1"]
[WhiteElo "1722"]
[BlackElo "1736"]
[PlyCount "63"]
[EventDate "2011.01.04"]
[EventRounds "1"]
[EventCountry "POL"]
[SourceDate "2011.01.05"]

1. e4 c5 2. Nf3 Nc6 3. d4 cxd4 4. Nxd4 Nf6 5. Nc3 e6 6. a3 Be7 7. Bc4 a6 8. O-O
Qc7 9. Be3 b5 10. Bd3 Bb7 11. f4 Na5 12. e5 Nd5 13. Nxd5 Bxd5 14. Qg4 g6 15.
Rae1 Nc4 16. Bc1 O-O-O 17. b3 Nxa3 18. Bb2 Qb6 19. Kh1 h5 20. Qe2 h4 21. Be4
Bxe4 22. Qxe4 Qb7 23. Qxb7+ Kxb7 24. Ra1 b4 25. Bxa3 bxa3 26. c3 d5 27. b4 a5
28. Rxa3 axb4 29. cxb4 Ra8 30. Rb3 Ra2 31. Rc1 Rc8 32. Rxc8 0-1

[Event "88th YMCA Winter-C"]
[Site "Warszawa"]
[Date "2011.03.23"]
[Round "10"]
[White "Pastuszko, Kinga"]
[Black "Dominiczak, Adrian"]
[Result "1-0"]
[WhiteElo "1795"]
[BlackElo "1722"]
[PlyCount "79"]
[EventDate "2011.01.04"]
[EventRounds "1"]
[EventCountry "POL"]
[SourceDate "2011.01.05"]

1. e4 c5 2. Nf3 d6 3. d4 cxd4 4. Nxd4 Nf6 5. Nc3 a6 6. f4 e6 7. Bd3 Qb6 8. Rb1
Nbd7 9. Be3 Nc5 10. O-O Be7 11. Qf3 O-O 12. e5 Nfd7 13. Bxh7+ Kxh7 14. Qh5+ Kg8
15. Rf3 Nxe5 16. fxe5 dxe5 17. Bh6 Nd7 18. Bxg7 Qxd4+ 19. Kh1 Qh4 20. Qxh4 Bxh4
21. Bxf8 Kxf8 22. Rbf1 f5 23. g4 b5 24. Rh3 Be7 25. Rd1 Bc5 26. Kg2 Bd4 27.
gxf5 exf5 28. Ne2 Bxb2 29. Rb3 Bb7+ 30. Kg1 Bf3 31. Rxf3 e4 32. Rxf5+ Ke7 33.
Nf4 Rc8 34. Rd2 Bc1 35. Re2 e3 36. Nd5+ Ke6 37. Rg5 Rc5 38. Nf4+ Kd6 39. Rxc5
Kxc5 40. Nd3+ 1-0

[Event "88th YMCA Winter-C"]
[Site "Warszawa"]
[Date "2011.03.08"]
[Round "10"]
[White "Starczewska, Malgorzata"]
[Black "Wilczynski, Adam"]
[Result "1-0"]
[WhiteElo "1810"]
[BlackElo "1768"]
[PlyCount "123"]
[EventDate "2011.01.04"]
[EventRounds "1"]
[EventCountry "POL"]
[SourceDate "2011.01.05"]

1. e4 c5 2. Ne2 d6 3. g3 g6 4. Bg2 Bg7 5. d3 Nc6 6. Nbc3 e5 7. O-O Nge7 8. Be3
O-O 9. Qd2 Nd4 10. Nd1 Bh3 11. c3 Bxg2 12. Kxg2 Ne6 13. f4 f5 14. Nf2 d5 15.
fxe5 Bxe5 16. Nf4 Bxf4 17. Bxf4 Nxf4+ 18. Qxf4 fxe4 19. Qe5 Nf5 20. Ng4 h5 21.
dxe4 dxe4 22. Qe6+ Kh7 23. Rad1 Qe8 24. Rd7+ Ng7 25. Qxe8 Raxe8 26. Nf6+ Rxf6
27. Rxf6 Kh6 28. Rxb7 Nf5 29. Kf2 e3+ 30. Ke2 Rd8 31. Rxf5 gxf5 32. Kxe3 Re8+
33. Kf3 Rd8 34. Rxa7 Rd2 35. Ra6+ Kg7 36. Rb6 Rxh2 37. a4 h4 38. gxh4 Rxh4 39.
a5 Ra4 40. Rb5 c4 41. Rxf5 Ra2 42. Rb5 Kf7 43. Ke4 Ke7 44. Kd5 Kd7 45. Kxc4 Kc6
46. Rb6+ Kc7 47. b4 Ra3 48. Rg6 Kb7 49. Kd4 Ka7 50. c4 Rf3 51. b5 Rf4+ 52. Kd5
Rf8 53. Rg7+ Ka8 54. Kc6 Rf6+ 55. Kc7 Rf8 56. Rd7 Rc8+ 57. Kb6 Rb8+ 58. Ka6 Rh8
59. b6 Kb8 60. c5 Kc8 61. Rg7 Kb8 62. c6 1-0

[Event "88th YMCA Winter-C"]
[Site "Warszawa"]
[Date "2011.03.10"]
[Round "10"]
[White "Krzyzanowski, Antoni"]
[Black "Budrewicz, Henryk"]
[Result "1-0"]
[WhiteElo "1793"]
[BlackElo "1625"]
[PlyCount "103"]
[EventDate "2011.01.04"]
[EventRounds "1"]
[EventCountry "POL"]
[SourceDate "2011.01.05"]

1. d4 e6 2. g3 d5 3. Bg2 Nf6 4. Nf3 Nbd7 5. O-O c5 6. c4 Be7 7. cxd5 exd5 8.
Nc3 c4 9. Ne5 Nb6 10. a4 a5 11. Bg5 O-O 12. f4 h6 13. Bh4 Re8 14. e3 g6 15. g4
Kg7 16. g5 Ng8 17. Qf3 Be6 18. Rad1 h5 19. Nxd5 Nxd5 20. e4 Bg4 21. Nxg4 hxg4
22. Qe2 Nb4 23. Qxc4 Rc8 24. Qb5 Rc2 25. f5 Bxg5 26. fxg6 Be3+ 27. Kh1 f6 28.
e5 Rf8 29. Qxb7+ Rc7 30. Qe4 Bg5 31. Qxg4 Bxh4 32. Qxh4 Nh6 33. Qh5 Nd5 34.
exf6+ Nxf6 35. Qxa5 Nhg4 36. Qd2 Qd6 37. Bf3 Rh8 38. Bxg4 Nxg4 39. Qf4 Rxh2+
40. Kg1 Qxf4 41. Rxf4 Rh4 42. d5 Kxg6 43. d6 Rd7 44. Rdd4 Kg5 45. Rfe4 Kf5 46.
Re7 Rh7 47. Rxh7 Rxh7 48. d7 Ne5 49. d8=Q Nf3+ 50. Kf2 Nxd4 51. Qxd4 Rh2+ 52.
Kg3 1-0

[Event "88th YMCA Winter-C"]
[Site "Warszawa"]
[Date "2011.02.11"]
[Round "10"]
[White "Bartczak, Hanna"]
[Black "Nairi, Laurent"]
[Result "0-1"]
[WhiteElo "1682"]
[BlackElo "1777"]
[PlyCount "138"]
[EventDate "2011.01.04"]
[EventRounds "1"]
[EventCountry "POL"]
[SourceDate "2011.01.05"]

1. d4 d5 2. c4 e6 3. Nf3 Nf6 4. Bg5 c6 5. e3 Nbd7 6. Nc3 Qa5 7. Bxf6 Nxf6 8.
Nd2 Be7 9. Be2 O-O 10. O-O dxc4 11. Bxc4 b5 12. Be2 Bb7 13. Bf3 Rab8 14. a3 Nd5
15. Nde4 Nxc3 16. Nxc3 b4 17. axb4 Qxb4 18. Qc2 c5 19. Ra4 Qb6 20. dxc5 Qxc5
21. Rfa1 Bxf3 22. gxf3 Rb7 23. Ra5 Qc7 24. Qc1 Rfb8 25. Kg2 Bd8 26. R5a2 Qe7
27. Ne4 Bb6 28. Ra4 Rc7 29. Rc4 Rbc8 30. Raa4 g6 31. Qc3 e5 32. f4 f5 33. Ng3
exf4 34. Rxc7 Rxc7 35. Qb3+ Qf7 36. Qxf7+ Kxf7 37. Rxf4 Rc2 38. b4 Bxe3 39. Rf3
Bb6 40. Rf4 Ke6 41. h4 Ke5 42. Rf3 Rb2 43. h5 Rxb4 44. hxg6 hxg6 45. Ne2 g5 46.
Nc1 Rg4+ 47. Kf1 Rh4 48. Ke2 g4 49. Nd3+ Kf6 50. Rf4 Rh2 51. Kf1 Kg5 52. Rc4
Rh3 53. Nf4 Rf3 54. Ne6+ Kf6 55. Nd4 Bxd4 56. Rxd4 Ra3 57. Kg2 a5 58. Rd8 a4
59. Rf8+ Kg5 60. Rg8+ Kf4 61. Rd8 Ra1 62. Rb8 a3 63. Rb4+ Kg5 64. Ra4 a2 65.
Kh2 f4 66. Ra3 Kf5 67. Kg2 Ke4 68. Ra4+ Kd3 69. Ra8 f3+ 0-1

[Event "88th YMCA Winter-C"]
[Site "Warszawa"]
[Date "2011.03.23"]
[Round "10"]
[White "Zbrzeski, Piotr"]
[Black "Major, Boguslaw"]
[Result "1-0"]
[WhiteElo "1808"]
[BlackElo "1811"]
[PlyCount "69"]
[EventDate "2011.01.04"]
[EventRounds "1"]
[EventCountry "POL"]
[SourceDate "2011.01.05"]

1. d4 g6 2. c4 Bg7 3. Nc3 d6 4. e4 Nc6 5. Be3 e5 6. Nge2 f5 7. exf5 Bxf5 8. d5
Nce7 9. Ng3 Nf6 10. Bd3 Qd7 11. Qc2 Ng4 12. Bg5 O-O 13. f3 Bxd3 14. Qxd3 Nf6
15. O-O h6 16. Bd2 Rf7 17. Nce4 Raf8 18. Nxf6+ Rxf6 19. Ne4 R6f7 20. b4 Nf5 21.
Bc3 Rd8 22. f4 Qe7 23. Rae1 Qh4 24. fxe5 Bxe5 25. Bxe5 dxe5 26. Nc5 Nd4 27.
Qxg6+ Rg7 28. Qe4 Rg4 29. Qxe5 Qh3 30. g3 Rd6 31. Qe8+ Kg7 32. Rf7+ Kg6 33.
Rf4+ Kh7 34. Re7+ Rg7 35. Rxg7+ 1-0

[Event "88th YMCA Winter-C"]
[Site "Warszawa"]
[Date "2011.03.15"]
[Round "11"]
[White "Major, Boguslaw"]
[Black "Wrabel, Antoni"]
[Result "1-0"]
[WhiteElo "1811"]
[BlackElo "1751"]
[PlyCount "83"]
[EventDate "2011.01.04"]
[EventRounds "1"]
[EventCountry "POL"]
[SourceDate "2011.01.05"]

1. Nf3 Nc6 2. d4 d5 3. c4 e6 4. Nc3 Nf6 5. Bg5 Be7 6. e3 O-O 7. Bxf6 Bxf6 8.
cxd5 exd5 9. Qb3 Ne7 10. Bd3 c6 11. Qc2 g6 12. h3 Bg7 13. b4 a5 14. b5 cxb5 15.
Nxb5 Nc6 16. a3 Qe7 17. O-O Bd7 18. Nc7 Rac8 19. Nxd5 Qd6 20. Nc3 Ne7 21. Qd2
Bc6 22. Ne4 Qd8 23. Qe2 h6 24. Rfc1 Re8 25. Ned2 Nd5 26. Qf1 Bf8 27. Ne5 Bd6
28. Nxc6 bxc6 29. Ba6 Rc7 30. Nc4 Rce7 31. Nxd6 Qxd6 32. Qc4 Re6 33. Qc5 Qd8
34. Bc4 Rf6 35. Bxd5 cxd5 36. Rab1 Rf5 37. Rb6 Qh4 38. Rb2 Rg5 39. Kh2 Re4 40.
Rb8+ Kh7 41. Rh8+ Kxh8 42. Qf8+ 1-0

[Event "88th YMCA Winter-C"]
[Site "Warszawa"]
[Date "2011.03.15"]
[Round "11"]
[White "Nairi, Laurent"]
[Black "Zbrzeski, Piotr"]
[Result "0-1"]
[WhiteElo "1777"]
[BlackElo "1808"]
[PlyCount "174"]
[EventDate "2011.01.04"]
[EventRounds "1"]
[EventCountry "POL"]
[SourceDate "2011.01.05"]

1. c4 f5 2. d4 Nf6 3. Nc3 e6 4. Nf3 d5 5. Bg5 c6 6. e3 Be7 7. Bd3 O-O 8. Qc2
Ne4 9. Bxe7 Qxe7 10. O-O-O Qb4 11. a3 Qa5 12. Ne5 Nxc3 13. Qxc3 Qxc3+ 14. bxc3
Nd7 15. Nxd7 Bxd7 16. f4 Rfb8 17. Kd2 Kf7 18. Rb1 b6 19. Rb2 Rc8 20. c5 b5 21.
Be2 Ke7 22. g4 fxg4 23. Bxg4 Rg8 24. h4 Raf8 25. Ke1 h6 26. Rg2 Be8 27. Be2 g6
28. Bd3 Kf6 29. Rhg1 Rg7 30. a4 a6 31. Ra2 Rc7 32. axb5 axb5 33. Ra8 h5 34. Rg5
Rg7 35. Rg2 Rc7 36. Rga2 Kg7 37. R2a7 Rxa7 38. Rxa7+ Rf7 39. Ra8 Rf8 40. Bf1
Kf6 41. Bh3 Ke7 42. Ke2 Bd7 43. Ra7 Rb8 44. Ra1 Kf6 45. Kd3 Rb7 46. Kc2 Ke7 47.
Ra8 Kf7 48. Kb3 Rc7 49. Kb4 Rc8 50. Ra7 Ke7 51. Ka5 Kd8 52. Kb6 Rb8+ 53. Ka5
Rc8 54. Bf1 Rc7 55. Ra6 Rc8 56. Bd3 Be8 57. Kb6 Rb8+ 58. Ka7 Rc8 59. Rb6 Rc7+
60. Ka6 Rc8 61. e4 Ra8+ 62. Kb7 Ra3 63. exd5 exd5 64. Bxg6 Bxg6 65. Rxc6 Bf7
66. Rc8+ Ke7 67. Rc7+ Kf6 68. Rc6+ Be6 69. Rb6 Rxc3 70. Rxb5 Rc4 71. c6 Rxd4
72. c7 Rxf4 73. c8=Q Bxc8+ 74. Kxc8 Ke5 75. Kd7 Rxh4 76. Kc6 Rc4+ 77. Kd7 h4
78. Rb8 h3 79. Rh8 Rc3 80. Rh5+ Ke4 81. Kd6 Rd3 82. Ke6 Kf4 83. Rh8 Kg3 84.
Rg8+ Kf2 85. Rh8 Kg2 86. Rg8+ Rg3 87. Ra8 h2 0-1

[Event "88th YMCA Winter-C"]
[Site "Warszawa"]
[Date "2011.02.18"]
[Round "11"]
[White "Budrewicz, Henryk"]
[Black "Bartczak, Hanna"]
[Result "0-1"]
[WhiteElo "1625"]
[BlackElo "1682"]
[PlyCount "82"]
[EventDate "2011.01.04"]
[EventRounds "1"]
[EventCountry "POL"]
[SourceDate "2011.01.05"]

1. d4 d6 2. f4 Nf6 3. Nf3 c6 4. b3 g6 5. e3 Bg7 6. Bb2 O-O 7. Bd3 Nbd7 8. O-O
Re8 9. h3 Nd5 10. Qd2 e5 11. fxe5 dxe5 12. dxe5 Nxe5 13. Nxe5 Bxe5 14. Bxe5
Rxe5 15. e4 Nb6 16. Qf2 Re7 17. Nd2 Be6 18. Nf3 Qd6 19. Rad1 Qf4 20. Qc5 Rae8
21. Ng5 Qc7 22. Nxe6 Rxe6 23. a4 Re5 24. Qf2 Qe7 25. Qf3 Nc8 26. Rde1 Nd6 27.
Re2 Kg7 28. Rfe1 b6 29. Kf1 Qf6 30. Kf2 c5 31. Kg1 Qe7 32. c4 Nb7 33. Kf1 Nd8
34. Re3 Nc6 35. Bb1 Nd4 36. Qf4 f5 37. exf5 Rxe3 38. Rxe3 Qxe3 39. f6+ Kf7 40.
Qc7+ Kxf6 41. Qd6+ Qe6 0-1

[Event "88th YMCA Winter-C"]
[Site "Warszawa"]
[Date "2011.03.09"]
[Round "11"]
[White "Wilczynski, Adam"]
[Black "Krzyzanowski, Antoni"]
[Result "1-0"]
[WhiteElo "1768"]
[BlackElo "1793"]
[PlyCount "55"]
[EventDate "2011.01.04"]
[EventRounds "1"]
[EventCountry "POL"]
[SourceDate "2011.01.05"]

1. c4 Nf6 2. g3 d5 3. cxd5 Nxd5 4. Bg2 e5 5. Nf3 Nc6 6. O-O Be6 7. d4 exd4 8.
Nxd4 Nxd4 9. Qxd4 c6 10. Nd2 Qc7 11. e4 Nf6 12. Nf3 h6 13. Nh4 b6 14. Nf5 Rd8
15. Qc3 Bxf5 16. exf5 Nd5 17. Re1+ Kd7 18. Qb3 Kc8 19. Bd2 Bc5 20. Qc4 Qd7 21.
b4 Bf8 22. Rac1 Kb7 23. a4 Be7 24. b5 Bc5 25. bxc6+ Qxc6 26. Re7+ Kb8 27. Bf4+
Ka8 28. Rc7 1-0

[Event "88th YMCA Winter-C"]
[Site "Warszawa"]
[Date "2011.03.22"]
[Round "12"]
[White "Wrabel, Antoni"]
[Black "Rogala, Lucyna"]
[Result "1/2-1/2"]
[WhiteElo "1751"]
[BlackElo "1736"]
[Annotator "M"]
[PlyCount "152"]
[EventDate "2011.01.04"]
[EventRounds "1"]
[EventCountry "POL"]
[SourceDate "2011.01.05"]

1. e4 d5 2. exd5 Nf6 3. Nf3 Nxd5 4. d4 Bf5 5. Bd3 e6 6. O-O Be7 7. Bxf5 exf5 8.
c4 Nf6 9. Nc3 Ne4 10. Nd5 O-O 11. Re1 Bd6 12. Qb3 b6 13. g3 Nc6 14. Qd3 Re8 15.
Bd2 Qd7 16. Rad1 Ne7 17. Nc3 Nxd2 18. Rxd2 Ng6 19. Rde2 Rxe2 20. Rxe2 c6 21. a3
a5 22. Rd2 Rd8 23. Qe2 f4 24. c5 Bc7 25. cxb6 $11 Bxb6 26. Na4 Bc7 27. Nc5 Qg4
28. Qe4 Bb6 29. Rd3 Bxc5 30. dxc5 Rxd3 31. Qxd3 fxg3 32. hxg3 h5 33. Nh2 Qg5
34. Qd4 Ne5 35. Kg2 Qf6 36. b4 axb4 37. axb4 Ng4 38. Qxf6 Nxf6 39. Nf3 Nd5 40.
Nd4 Nxb4 41. Kf3 Kf8 42. Ke4 Ke7 43. Nf5+ Kf6 44. Nd4 g6 45. f4 Ke7 46. Nf3 f6
47. Nd4 f5+ 48. Ke3 Kd7 49. Nf3 Ke6 50. Kd4 Kf6 51. Ne5 g5 52. fxg5+ Kxg5 53.
Kc4 Kf6 54. Nf3 Nd5 55. Kd4 Ne7 56. Ke3 Ng6 57. Kd4 Kg7 58. Ng5 Kf8 59. Nf3 Kf7
60. Ke3 Ke6 61. Nd4+ Kd5 62. Nxf5 Kxc5 63. Ng7 h4 64. gxh4 Nxh4 65. Kd3 Kd5 66.
Nh5 Ke5 67. Ng3 Ng6 68. Kc4 Kd6 69. Ne4+ Ke5 70. Nc3 Kd6 71. Ne4+ Kc7 72. Nc3
Nf4 73. Nb5+ Kb6 74. Nd4 c5 75. Nb3 Ne6 76. Nxc5 Nxc5 $11 1/2-1/2

[Event "88th YMCA Winter-C"]
[Site "Warszawa"]
[Date "2011.03.22"]
[Round "12"]
[White "Bartczak, Hanna"]
[Black "Wilczynski, Adam"]
[Result "1-0"]
[WhiteElo "1682"]
[BlackElo "1768"]
[PlyCount "120"]
[EventDate "2011.01.04"]
[EventRounds "1"]
[EventCountry "POL"]
[SourceDate "2011.01.05"]

1. d4 Nf6 2. c4 e6 3. Nc3 Bb4 4. Nf3 c5 5. e3 O-O 6. Bd3 d5 7. Bd2 cxd4 8. exd4
Nc6 9. Ne2 dxc4 10. Bxc4 Qa5 11. O-O Bd7 12. Bf4 Qf5 13. h3 Qa5 14. a3 Be7 15.
Qb3 Qd8 16. Qd1 Nd5 17. Bxd5 exd5 18. Qb3 Bc8 19. Nc3 Na5 20. Qxd5 Be6 21. Qh5
g6 22. Qh6 Bc4 23. Be5 f6 24. Ng5 Rf7 25. Nxf7 Bxf7 26. Bg3 g5 27. Ne4 Bg6 28.
Nxf6+ Bxf6 29. Be5 Nc4 30. h4 Nxe5 31. dxe5 Bxe5 32. Rad1 Qc7 33. h5 Be8 34.
Qxg5+ Qg7 35. Qxg7+ Bxg7 36. Rd5 Bc6 37. Rg5 Kh8 38. b3 Bh6 39. Re5 Bf4 40. Rf5
Rg8 41. g3 Bd6 42. a4 Bc7 43. Re1 Bxg3 44. fxg3 Rxg3+ 45. Kf2 Rg2+ 46. Ke3 h6
47. Kd4 Rd2+ 48. Kc3 Rd7 49. Rg1 Kh7 50. Rf6 Be4 51. Re1 Rc7+ 52. Kd4 Bc6 53.
Ree6 Rd7+ 54. Kc3 Bd5 55. Rxh6+ Kg7 56. Reg6+ Kf8 57. Rh8+ Kf7 58. Rh7+ Ke8 59.
Rxd7 Kxd7 60. h6 Bf7 1-0

[Event "88th YMCA Winter-C"]
[Site "Warszawa"]
[Date "2011.03.24"]
[Round "12"]
[White "Zbrzeski, Piotr"]
[Black "Budrewicz, Henryk"]
[Result "1-0"]
[WhiteElo "1808"]
[BlackElo "1625"]
[PlyCount "85"]
[EventDate "2011.01.04"]
[EventRounds "1"]
[EventCountry "POL"]
[SourceDate "2011.01.05"]

1. d4 Nf6 2. c4 g6 3. Nc3 Bg7 4. e4 d6 5. f3 O-O 6. Be3 Nbd7 7. Nge2 c5 8. d5
a6 9. Qd2 Re8 10. Bh6 Bh8 11. h4 Ne5 12. Nf4 Rb8 13. Be2 Qa5 14. Kf2 b5 15.
cxb5 axb5 16. h5 b4 17. Nd1 Neg4+ 18. Kf1 Nxh6 19. hxg6 Bg7 20. g4 fxg6 21. g5
Nf7 22. gxf6 Bxf6 23. Ne3 Ne5 24. Kf2 Rf8 25. Ne6 Bxe6 26. dxe6 Bg5 27. Rag1 h6
28. Rxg5 hxg5 29. Nf5 Rxf5 30. exf5 Kg7 31. Qxg5 Qa7 32. f6+ Kg8 33. f7+ Kg7
34. Qh6+ Kf6 35. f8=Q+ Rxf8 36. Qxf8+ Kxe6 37. Qc8+ Kf6 38. Bc4 Nxc4 39. Qf8+
Ke5 40. Qg7+ Kf5 41. Qf7+ Ke5 42. Re1+ Ne3 43. Rxe3+ 1-0

[Event "88th YMCA Winter-C"]
[Site "Warszawa"]
[Date "2011.03.22"]
[Round "12"]
[White "Major, Boguslaw"]
[Black "Nairi, Laurent"]
[Result "1/2-1/2"]
[WhiteElo "1811"]
[BlackElo "1777"]
[Annotator "M"]
[PlyCount "152"]
[EventDate "2011.01.04"]
[EventRounds "1"]
[EventCountry "POL"]
[SourceDate "2011.01.05"]

1. Nf3 Nf6 2. d4 d5 3. g3 Bf5 4. Bg2 e6 5. c4 c6 6. Qb3 Qb6 7. c5 Qxb3 8. axb3
Nbd7 9. Nc3 e5 10. dxe5 Ng4 11. Nd4 Be6 12. h3 Nh6 13. b4 Nf5 14. Nxf5 Bxf5 15.
g4 Bc2 16. f4 f5 17. Be3 Be4 18. Kf2 Be7 19. g5 O-O 20. e6 Nb8 21. Na4 Na6 22.
Bd2 Nc7 23. Bc3 Nxe6 24. Be5 a5 25. Nb6 Ra6 26. e3 axb4 27. Rxa6 bxa6 28. Ra1
Nxc5 29. Bf1 Nd3+ 30. Bxd3 Bxd3 31. Rc1 Bb5 32. h4 h6 33. gxh6 Bxh4+ 34. Kf3
Bf6 35. Nd7 Rf7 36. Nxf6+ gxf6 37. Bd6 b3 38. Bc5 Kh7 39. Rh1 a5 40. Bd4 a4 41.
Bc5 Bd3 42. Kf2 Be4 43. Ra1 Kxh6 44. Rxa4 $11 Kg6 45. Rb4 Bc2 46. Rb6 Rc7 47.
Rb8 Kg7 48. Rb6 Kf7 49. Rb8 Kg7 50. Bf8+ Kg6 51. Bc5 Rh7 52. Bd4 Rh2+ 53. Kg3
Rh1 54. Rg8+ Kf7 55. Rc8 Be4 56. Rc7+ Kg6 57. Rxc6 Rg1+ 58. Kh3 Rh1+ 59. Kg3
Rg1+ 60. Kf2 Rg2+ 61. Ke1 Bd3 62. Rxf6+ Kh5 63. Rb6 Bc4 64. Rb8 $11 Rg6 65. Kd2
Kg4 66. Rh8 Kf3 67. Rh3+ Ke4 68. Rh2 Rg3 69. Rf2 Rh3 70. Rg2 Kf3 71. Rg5 Rh2+
72. Kc3 Rc2+ 73. Kb4 Ke4 74. Rg3 Rd2 75. Kc5 Rc2 76. Kb4 Rd2 1/2-1/2

[Event "88th YMCA Winter-C"]
[Site "Warszawa"]
[Date "2011.03.29"]
[Round "13"]
[White "Nairi, Laurent"]
[Black "Wrabel, Antoni"]
[Result "1/2-1/2"]
[WhiteElo "1777"]
[BlackElo "1751"]
[Annotator "M"]
[PlyCount "122"]
[EventDate "2011.01.04"]
[EventRounds "1"]
[EventCountry "POL"]
[SourceDate "2011.01.05"]

1. c4 g6 2. Nc3 Bg7 3. Nf3 e5 4. d3 Nc6 5. g3 Nge7 6. Bg2 O-O 7. O-O d6 8. Bd2
f5 9. Qc1 Kh8 10. Bh6 Be6 11. Bxg7+ Kxg7 12. Ng5 Bg8 13. Nd5 h6 14. Nxe7 Qxe7
15. Nf3 Rae8 16. Qc3 a5 17. e3 Qf6 18. Nd2 Be6 19. Bxc6 bxc6 20. Qxa5 Rf7 21.
Qc3 c5 22. f4 Bd7 23. fxe5 dxe5 24. Nf3 Bc6 25. Rad1 Kh7 26. d4 Bxf3 27. Rxf3
exd4 28. exd4 cxd4 29. Qxd4 Re1+ 30. Rf1 Rxf1+ 31. Kxf1 Qe7 32. Re1 Qf8 33. a3
h5 34. Kg1 f4 35. Rf1 fxg3 36. Rxf7+ Qxf7 37. hxg3 Qe6 38. c5 g5 39. Qd3+ Kg7
40. Qd2 Kg6 41. Qc2+ Kh6 42. Qf2 Kg6 43. Kg2 Qe4+ 44. Kh2 Qe5 45. Qc2+ Kh6 46.
Qc3 Qe6 47. c6 Qd6 48. Qh8+ Kg6 49. Qe8+ Kh6 50. Qd7 Qe5 51. Qd2 h4 52. Qc3
hxg3+ 53. Kg2 Qe4+ 54. Qf3 Qc2+ 55. Kxg3 Qxb2 56. Qf8+ Kg6 57. Qe8+ Kh6 58.
Qe6+ Kg7 59. Qe7+ Kg6 60. Qe6+ Kg7 61. Qd7+ Kg6 $11 1/2-1/2

[Event "88th YMCA Winter-C"]
[Site "Warszawa"]
[Date "2011.02.10"]
[Round "13"]
[White "Budrewicz, Henryk"]
[Black "Major, Boguslaw"]
[Result "0-1"]
[WhiteElo "1625"]
[BlackElo "1811"]
[PlyCount "84"]
[EventDate "2011.01.04"]
[EventRounds "1"]
[EventCountry "POL"]
[SourceDate "2011.01.05"]

1. d4 d6 2. Nf3 g6 3. Bf4 Bg7 4. c3 Nf6 5. e3 O-O 6. Bd3 c5 7. O-O Nc6 8. dxc5
dxc5 9. Qe2 Bg4 10. Rd1 Bxf3 11. Qxf3 Qb6 12. Qe2 e5 13. Bg3 Nh5 14. Na3 Nxg3
15. hxg3 a6 16. Nc4 Qc7 17. e4 b5 18. Ne3 Ne7 19. c4 b4 20. Nd5 Qb7 21. b3 Nc6
22. Qe3 Nd4 23. g4 a5 24. Rab1 a4 25. bxa4 Rxa4 26. Nc3 Ra3 27. Nb5 Rxa2 28.
Rd2 Rfa8 29. Rdb2 Rxb2 30. Rxb2 Ra1+ 31. Kh2 Qd7 32. f3 Qe7 33. g3 Bf6 34. Nxd4
exd4 35. Qe2 Qa7 36. e5 Be7 37. f4 Qa3 38. e6 f6 39. g5 fxg5 40. fxg5 b3 41.
Qf2 Qxb2 42. Be2 Qxe2 0-1

[Event "88th YMCA Winter-C"]
[Site "Warszawa"]
[Date "2011.03.29"]
[Round "13"]
[White "Wilczynski, Adam"]
[Black "Zbrzeski, Piotr"]
[Result "0-1"]
[WhiteElo "1768"]
[BlackElo "1808"]
[PlyCount "52"]
[EventDate "2011.01.04"]
[EventRounds "1"]
[EventCountry "POL"]
[SourceDate "2011.01.05"]

1. c4 c6 2. Nf3 Nf6 3. e3 d5 4. Be2 dxc4 5. Bxc4 b5 6. Be2 Bb7 7. Qc2 Nbd7 8.
d4 e6 9. O-O Bd6 10. e4 Be7 11. Bg5 O-O 12. Nbd2 a6 13. a4 Rc8 14. axb5 cxb5
15. Qd3 h6 16. Bh4 Re8 17. Rfc1 Rxc1+ 18. Rxc1 Qb6 19. Ne5 Rd8 20. Ng4 Kf8 21.
e5 Nxg4 22. Bxe7+ Kxe7 23. Bxg4 Nxe5 24. Qg3 Qxd4 25. Nf1 Nxg4 26. h3 Nxf2 0-1

[Event "88th YMCA Winter-C"]
[Site "Warszawa"]
[Date "2011.03.29"]
[Round "13"]
[White "Dominiczak, Adrian"]
[Black "Bartczak, Hanna"]
[Result "1-0"]
[WhiteElo "1722"]
[BlackElo "1682"]
[PlyCount "107"]
[EventDate "2011.01.04"]
[EventRounds "1"]
[EventCountry "POL"]
[SourceDate "2011.01.05"]

1. e4 d6 2. d4 Nf6 3. Nc3 Nbd7 4. Nf3 e5 5. Be2 c6 6. O-O Be7 7. a4 a5 8. Nh4
O-O 9. Nf5 Re8 10. Nxe7+ Qxe7 11. f3 Nf8 12. Bg5 Ng6 13. d5 h6 14. Be3 Nh5 15.
Qd2 Nhf4 16. Rfd1 Qg5 17. g3 Nxe2+ 18. Qxe2 Qf6 19. Rd3 b6 20. dxc6 Ba6 21. Nb5
Rec8 22. c7 Bxb5 23. axb5 Rxc7 24. Bxb6 Rb7 25. Be3 Rxb5 26. Rxd6 Qxd6 27. Qxb5
Rb8 28. Qd3 Qxd3 29. cxd3 Rxb2 30. Rxa5 Rb3 31. Ra8+ Kh7 32. Rd8 f6 33. Bc5 h5
34. h4 Rb2 35. Kf1 Rc2 36. Rd5 Ra2 37. d4 Rc2 38. Bd6 exd4 39. Rxh5+ Kg8 40.
Rd5 Rc3 41. Ke2 Re3+ 42. Kf2 Rd3 43. f4 Kf7 44. f5 Ne7 45. Rc5 Rc3 46. Rxc3
dxc3 47. Ke2 Nc8 48. Bc5 Ne7 49. Bxe7 Kxe7 50. Kd3 c2 51. Kxc2 Kd6 52. Kd3 Kc5
53. Ke3 Kd6 54. Kd4 1-0

[Event "88th YMCA Winter-C"]
[Site "Warszawa"]
[Date "2011.03.29"]
[Round "13"]
[White "Rogala, Lucyna"]
[Black "Pastuszko, Kinga"]
[Result "0-1"]
[WhiteElo "1736"]
[BlackElo "1795"]
[PlyCount "76"]
[EventDate "2011.01.04"]
[EventRounds "1"]
[EventCountry "POL"]
[SourceDate "2011.01.05"]

1. d4 d5 2. c4 Nc6 3. Nf3 Bg4 4. cxd5 Bxf3 5. gxf3 Qxd5 6. e3 e5 7. Nc3 Bb4 8.
Bd2 Bxc3 9. bxc3 exd4 10. cxd4 Nge7 11. Rg1 g6 12. f4 O-O-O 13. Qb3 Qxb3 14.
axb3 Rhe8 15. Bc4 Nd5 16. Kd1 a6 17. h4 h5 18. Rg5 Nce7 19. Ra5 c6 20. Bxd5
Rxd5 21. Raxd5 cxd5 22. Re5 Kd7 23. Bb4 f6 24. Rxe7+ Rxe7 25. Bxe7 Kxe7 26. f3
f5 27. Kc2 Kd6 28. Kd3 a5 29. Kc3 Kc6 30. Kd3 b5 31. Kc3 b4+ 32. Kd3 Kb5 33. e4
fxe4+ 34. fxe4 dxe4+ 35. Kxe4 a4 36. bxa4+ Kxa4 37. Kd3 Ka3 38. Kc2 Ka2 0-1